| 000 | 00652nam a2200217Ia 4500 | ||
|---|---|---|---|
| 008 | 100315s9999 xx 000 0 und d | ||
| 020 | _a90-0060-16-6 | ||
| 082 |
_b131 _a657.8 |
||
| 100 | _a"Finnie, J., Howard, C. " | ||
| 245 | _aAn Accounting Entertainment | ||
| 260 |
_aLondon _bAnbar Publication _c1967 |
||
| 300 | _a40p. | ||
| 365 |
_eRupees _d1 _b10.00 |
||
| 366 | _f0 | ||
| 505 | _gTushar Jadhav | ||
| 530 | _b- | ||
| 620 | _a"An Accounting Entertainment, The Testimony Continues, The Chop Suey Caper " | ||
| 630 | _aAn Accounting Entertainment | ||
| 730 | _aAn Accounting Entertainment | ||
| 942 | _cBOOK | ||
| 999 |
_c474866 _d474863 |
||